书目信息 |
| 题名: |
隋唐文化史
|
|
| 作者: | 赵文润 | |
| 分册: | ||
| 出版信息: | 西安 陕西师范大学出版社 1992 |
|
| 页数: | ||
| 开本: | ||
| 丛书名: | ||
| 单 册: | ||
| 中图分类: | G1 | |
| 科图分类: | ||
| 主题词: | 文化事业--基本建设 , 文化事业--概况--世界 | |
| 电子资源: | ||
| ISBN: | 7-5613-0607-5 | |
| 000 | 00500nam0 2200181 450 | |
| 001 | 0734081268 | |
| 005 | 20071007092801.28 | |
| 010 | @a7-5613-0607-5 | |
| 100 | @a20071007d km y0chiy0120 ea | |
| 101 | 0 | @achi |
| 200 | 1 | @a隋唐文化史@Asui tang wen hua shi@f赵文润@Fzhao wen run |
| 210 | @a西安@c陕西师范大学出版社@d1992 | |
| 606 | 0 | @a文化事业@x基本建设 |
| 606 | 0 | @a文化事业@x概况@x世界 |
| 690 | @aG1@v3 | |
| 701 | 0 | @a赵文润@Azhao wen run |
| 801 | 0 | @aCN@bPFT@c20071007 |
| 905 | @a213230@dG1@ea26@f1 | |
| 隋唐文化史/赵文润.-西安:陕西师范大学出版社,1992 |
| ISBN 7-5613-0607-5: |
| ● |
| 相关链接 |
|
|
|
|
正题名:隋唐文化史
索取号:G1/a26
 
预约/预借
| 序号 | 登录号 | 条形码 | 馆藏地/架位号 | 状态 | 备注 |
| 1 | 7505666 | 275056662 | 密集书库-史法系/ [索取号:G1/a26] | 在馆 |